01071cam a2200313 a 450000100040000000500170000400800410002102000180006204000230008005000240010308200080012710000240013524500830015925000450024226000220028730000410030949000310035050000240038150000290040550500080043452001490044252100200059152100200061165000260063165000260065765000200068365000230070370000310072691520230824112428.0100521s2011 nyua b 000 1 eng  a9780545543651 aDLCcDLCdDLCbeng00aPZ7.O81167bCr 201100aFic1 aOsborne, Mary Pope.12aA crazy day with cobras /cby Mary Pope Osborne ; illustrated by Sal Murdocca. aFirst Scholastic printing, February 2013 aNew York :c2011. a112 pages :billustrations ;c20 cm.0 aMagic tree house vBook 45 a"A Merlin mission." a"A Stepping Stone book." aN  aThe magic tree house whisks Jack and Annie to India during the Mogul Empire in the 1600s to search for an emerald needed to break a magic spell. a570 bLexile  aN bRaz-Plus  1aTime travelvFiction. 1aTree housesvFiction. 1aMagicvFiction. 1aSiblingsvFiction.1 aMurdocca, Saleillustrator